Stations Abandonnées - Metro Paris - Statistiques

Statistiques générales
  • Ce quiz a été pris 98 fois
  • Le résultat moyen est 4 sur 11
Statistiques - réponses
Ligne : Stations : % Correct
3bis 7bis Haxo
77%
5 Arsenal
54%
8 9 Saint-Martin
54%
10 Croix Rouge
52%
3bis 7bis Porte des Lilas - Cinéma
41%
8 Champ de Mars
32%
9 10 Porte Molitor
32%
1 La Défense - Michelet
16%
1 Élysées La Défense
12%
5 Gare du Nord USFRT
10%
7 Orly-Sud
3%
Aucun quiz correspondant
Distribution des résultats
% des personnes avec chaque résultat
Percentile par nombre de réponses
Votre historique - résultats
Vous n’avez pas pris ce quiz